00336pab a2200121 454500008004000000100003100040245007700071260000900148300001400157362000800171650001900179773001600198180718b2010 xxu||||| |||| 00| 0 eng d aDorn, Richard A. van et al aPsychiatric advance directives and social workers: an integrative review c2010 ap.157-67. aApr aSocial workers aSocial Work